LEADER 01401nam a2200277 u 4500 001 000000011805 003 CaOOAMICUS 005 20070226105451.0 008 940516s1963 it u000 u ita u 035 $a10290109 040 $aPUL(R)$bita 245 00$aCivitas :$bAntologia degli scritti pił significativi apparsi dal 1919 al 1925 sulla rivista "Civitas" fondata e diretta da Filippo Meda /$cA cura di B. Malinverni. 260 $aRoma :$bCinque Lune,$c1963. 300 $axxxii, 826 p. ;$c22 cm 490 1 $aLe antologie ;$v1 505 0 $ap. 1. Testimonianze p. [3]- 367. -- p. 2. Libri, uomini, idee p. [371]- 745. -- p. 3. Paesi e problemi del mondo p. [749]-826. 630 04$aCivitas.$0(OLS)http://pul/subject/8923 650 4$aScienza della politica$xStudi.$0(OLS)http://pul/subject/8924 700 1 $aMalinverni, Bruno.$0(OLS)http://pul/name/11310 830 3$aLe antologie ;$v1.$0(OLS)http://pul/title/17114 850 $aPUL 852 $aPUL$W1$xDP1 Fondo Maccarrone$y58$m1514 A 25$j16663$nBK-PRI$b $qFondi$B16663$CPULBib$Z2$F16663 $H $81 941 1 $a1 961 $aINV: 3206.F.Maccarrone 996 $6245$aCivitas :$bAntologia degli scritti pił significativi apparsi dal 1919 al 1925 sulla rivista "Civitas" fondata e diretta da Filippo Meda$9(OLS)http://pul/title/17113 996 $6260$aRoma :$bCinque Lune$9(OLS)http://pul/publisher/48042 LEADER 01078nam a2200253 u 4500 001 000000085314 003 CaOOAMICUS 005 20070226124155.0 008 050805s1943 it u000 u ita u 035 $a11057200 040 $aPUL(R)$bita 100 1 $aFusero, Clemente.$0(OLS)http://pul/name/56049 245 10$aLeonardo /$cdi Clemente Fusero. 260 $a[Varese] :$bCorbaccio,$c1943. 300 $a435 p. ;$c20 cm 490 1 $aOperai dell'intelligenza ;$v2 600 14$aLeonardo da Vinci,$d1452-1519.$0(OLS)http://pul/subject/2884 830 0$aOperai dell'intelligenza ;$v2.$0(OLS)http://pul/title/110734 850 $aPUL 852 $aPUL$W1$xDP1 Fondo Cecchetti$y53$m281 H 41$j108410$nBK-PRI$b $qFondi$B108410$CPULBib$Z2$F108410 $HPUL4817 $81 852 $aPUL$W1$xDP1 Fondo Cecchetti$y53$m296 B 34$j108411$nBK-PRI$b $qFondi$B108411$CPULBib$Z2$F108411 $HPUL4261 $81 941 1 $a1 996 $6245$aLeonardo$9(OLS)http://pul/title/11501 996 $6260$a[Varese] :$bCorbaccio$9(OLS)http://pul/publisher/77089